<?xml version='1.0' encoding='UTF-8'?>
  <record xmlns="http://www.loc.gov/MARC21/slim">
    <leader>00000ctm a2200000 i 4500</leader>
    <controlfield tag="001">ocn965419814</controlfield>
    <controlfield tag="003">OCoLC</controlfield>
    <controlfield tag="005">20251114003035.6</controlfield>
    <controlfield tag="008">090416q1430    ne            000 0 dum d</controlfield>
    <datafield tag="040" ind1=" " ind2=" ">
      <subfield code="a">QGJ</subfield>
      <subfield code="b">dut</subfield>
      <subfield code="c">QGJ</subfield>
      <subfield code="d">OCLCL</subfield>
      <subfield code="d">OCLCQ</subfield>
    </datafield>
    <datafield tag="035" ind1=" " ind2=" ">
      <subfield code="a">(OCoLC)965419814</subfield>
    </datafield>
    <datafield tag="245" ind1="0" ind2="0">
      <subfield code="a">Ghetiden en bedingen.</subfield>
      <subfield code="f">UBU Hs. 1037 (Hs. 2 E 19).</subfield>
    </datafield>
    <datafield tag="260" ind1=" " ind2=" ">
      <subfield code="a">[Utrecht],</subfield>
      <subfield code="c">[around 1430]</subfield>
    </datafield>
    <datafield tag="300" ind1=" " ind2=" ">
      <subfield code="a">117 fols. :</subfield>
      <subfield code="b">ill. ;</subfield>
      <subfield code="c">170 x 118 (98 x 65) mm.</subfield>
    </datafield>
    <datafield tag="336" ind1=" " ind2=" ">
      <subfield code="a">text</subfield>
      <subfield code="b">txt</subfield>
      <subfield code="2">rdacontent</subfield>
    </datafield>
    <datafield tag="337" ind1=" " ind2=" ">
      <subfield code="a">unmediated</subfield>
      <subfield code="b">n</subfield>
      <subfield code="2">rdamedia</subfield>
    </datafield>
    <datafield tag="338" ind1=" " ind2=" ">
      <subfield code="a">volume</subfield>
      <subfield code="b">nc</subfield>
      <subfield code="2">rdacarrier</subfield>
    </datafield>
    <datafield tag="340" ind1=" " ind2=" ">
      <subfield code="a">parchment</subfield>
      <subfield code="k">16 lines, littera textualis.</subfield>
    </datafield>
    <datafield tag="500" ind1=" " ind2=" ">
      <subfield code="a">Historiated initials painted by the Master of Zweder of Culemborg.</subfield>
    </datafield>
    <datafield tag="500" ind1=" " ind2=" ">
      <subfield code="a">Incomplete: after fol. 62 and fol. 88 2 fols. with historiated initials are missing.</subfield>
    </datafield>
    <datafield tag="500" ind1=" " ind2=" ">
      <subfield code="a">Fols. 103-117 added later.</subfield>
    </datafield>
    <datafield tag="500" ind1=" " ind2=" ">
      <subfield code="a">Illustrations: historiated initials, pen-flourished initials, decorated initials, border decoration.</subfield>
    </datafield>
    <datafield tag="524" ind1=" " ind2=" ">
      <subfield code="a">Cite as: Universiteitsbibliotheek Utrecht Hs. 1037 (Hs. 2 E 19).</subfield>
    </datafield>
    <datafield tag="563" ind1=" " ind2=" ">
      <subfield code="a">17thC parchment binding.</subfield>
    </datafield>
    <datafield tag="581" ind1=" " ind2=" ">
      <subfield code="a">P.A. Tiele, Catalogus codicum manu scriptorum Bibliothecae Universitatis Rheno-Trajectinae. I. Trajecti ad Rhenum. Hagae Comitis 1887. p. 254.</subfield>
    </datafield>
    <datafield tag="581" ind1=" " ind2=" ">
      <subfield code="a">Handschriften en oude drukken van de Utrechtse Universiteitsbibliotheek. Catalogus bij de tentoonstelling in het Centraal Museum te Utrecht ter gelegenheid van het 400-jarig bestaan van de bibliotheek der Rijksuniversiteit, 1584-1984. Utrecht 1984. p. 253-255 nr. 120, afb. op p. 254.</subfield>
    </datafield>
    <datafield tag="581" ind1=" " ind2=" ">
      <subfield code="a">K. van der Horst, Illuminated and decorated medieval manuscripts in the University Library, Utrecht. An illustrated catalogue. Maarssen / 's-Gravenhage 1989. p. 11 nr. 37, pl. F, afb. 155-161.</subfield>
    </datafield>
    <datafield tag="581" ind1=" " ind2=" ">
      <subfield code="a">L.S. Wierda, De Sarijs-handschriften. Studie naar een groep laat-middeleeuwse handschriften uit de IJsselstreek (voorheen toegeschreven aan de Agnietenberg bij Zwolle). Dissertatie Groningen. Zwolle 1995. Met diskette. p. 59 nt. 231-232.</subfield>
    </datafield>
    <datafield tag="581" ind1=" " ind2=" ">
      <subfield code="a">S.G. Axters, Bibliotheca dominicana Neerlandica manuscripta 1224-1500. Louvain 1970. (= Bibliothèque de la Revue d'histoire ecclésiastique 49). p. 273 (fol. 104v-107v).</subfield>
    </datafield>
    <datafield tag="581" ind1=" " ind2=" ">
      <subfield code="a">A.W. Byvanck &amp; G.J. Hoogewerff, Noord-Nederlandsche miniaturen in handschriften der 14e, 15e en 16e eeuwen. Den Haag 1922-1925. p. 20 nr. 39, pl. 30.</subfield>
    </datafield>
    <datafield tag="581" ind1=" " ind2=" ">
      <subfield code="a">A.W. Byvanck, 'Aantekeningen over handschriften met miniaturen: XI. De meester van Zweder van Culemborg en de Utrechtsche miniaturen', in: Oudheidkundig Jaarboek 10 (1930), p. 127-139. p. 130.</subfield>
    </datafield>
    <datafield tag="581" ind1=" " ind2=" ">
      <subfield code="a">G. Gerritsen-Geywitz, 'Sichel, Krause und lange Linien. Utrechter Fleuronnée im zweiten Viertel des fünfzehnten Jahrhunderts', in: Quaerendo 33 (2003) 1-2, p. 96-118. p. 112-113, afb. op p. 111.</subfield>
    </datafield>
    <datafield tag="581" ind1=" " ind2=" ">
      <subfield code="a">G. Gerritsen-Geywitz, 'Die Chorbücher des Utrechter Marienkapitels aus kodikologischer sicht', in: Tijdschrift van de Koninklijke Vereniging voor Nederlandse Muziekgeschiedenis 53 (2003) 1-2, p. 277- 312. p. 283 nt. 25.</subfield>
    </datafield>
    <datafield tag="581" ind1=" " ind2=" ">
      <subfield code="a">J. Hintzen, 'De geminieerde handschriften der Utrechtsche Universiteits-Bibliotheek', in: Het boek 10 (1921), p. 1-13, 263-264. p. 11.</subfield>
    </datafield>
    <datafield tag="581" ind1=" " ind2=" ">
      <subfield code="a">R. Jansen-Sieben, Repertorium van de middelnederlandse artes-literatuur. Utrecht 1989. p. 466 nr. U270.</subfield>
    </datafield>
    <datafield tag="530" ind1=" " ind2=" ">
      <subfield code="a">Also available in online version.</subfield>
    </datafield>
    <datafield tag="650" ind1=" " ind2="7">
      <subfield code="a">Getijdenboeken.</subfield>
      <subfield code="2">gtt</subfield>
    </datafield>
    <datafield tag="655" ind1=" " ind2="7">
      <subfield code="a">Handschriften (vorm)</subfield>
      <subfield code="0">(NL-LeOCL)088143309.</subfield>
      <subfield code="2">gtt</subfield>
    </datafield>
    <datafield tag="700" ind1="0" ind2=" ">
      <subfield code="a">Meester van Zweder van Culemborg</subfield>
      <subfield code="e">illuminator.</subfield>
      <subfield code="4">ilu</subfield>
      <subfield code="5">NL-UtRU</subfield>
    </datafield>
    <datafield tag="700" ind1="1" ind2=" ">
      <subfield code="a">Huydecoper, Balthasar,</subfield>
      <subfield code="e">former owner.</subfield>
      <subfield code="4">fmo</subfield>
      <subfield code="5">NL-UtRU</subfield>
    </datafield>
    <datafield tag="700" ind1="1" ind2=" ">
      <subfield code="a">Hinlopen, Nicolaas,</subfield>
      <subfield code="e">former owner.</subfield>
      <subfield code="4">fmo</subfield>
      <subfield code="5">NL-UtRU</subfield>
    </datafield>
    <datafield tag="710" ind1="2" ind2=" ">
      <subfield code="a">Gemeentearchief (Utrecht)</subfield>
      <subfield code="e">former owner.</subfield>
      <subfield code="4">fmo</subfield>
      <subfield code="5">NL-UtRU</subfield>
    </datafield>
    <datafield tag="758" ind1=" " ind2=" ">
      <subfield code="a">UBU Hs. 1037 (Hs. 2 E 19) Ghetiden en bedingen (Text)</subfield>
      <subfield code="1">https://id.oclc.org/worldcat/entity/E39PCYBYwJHHVMDV9v989dKrv3</subfield>
      <subfield code="4">https://id.oclc.org/worldcat/ontology/hasWork</subfield>
    </datafield>
    <datafield tag="776" ind1="0" ind2="8">
      <subfield code="i">Online version:</subfield>
      <subfield code="t">Ghetiden en bedingen.</subfield>
      <subfield code="d">[Utrecht], [around 1430]</subfield>
    </datafield>
    <datafield tag="856" ind1="4" ind2="1">
      <subfield code="u">http://objects.library.uu.nl/reader/resolver.php?obj=002287218&amp;type=2</subfield>
      <subfield code="x">Online</subfield>
      <subfield code="z">Full text</subfield>
    </datafield>
    <datafield tag="936" ind1=" " ind2=" ">
      <subfield code="a">BATCHLOAD</subfield>
    </datafield>
  </record>